Statistics for Черепашки-ниндзя

Click here to take the quiz!

General Stats

  • This quiz has been taken 181 times
  • The average score is 7 of 13

Answer Stats

Word% Correct
Рафаэль
91%
Леонардо
86%
Донателло
84%
Микеланджело
73%
Сплинтер
70%
Эйприл О’Нил
62%
Кейси Джонс
48%
Шреддер
40%
Крэнг
33%
Бибоп
24%
Рокстеди
24%
Бакстер Стокман
19%
Крысиный король
8%

Score Distribution

Percentile by Number Answered

Percent of People with Each Score

Your Score History

You have not taken this quiz